MDQL
is popping MORE tags! Check the
thread
!
Quizzes
Events
Quiz Creation
Community
Videos
Private Events
Remove Ads
Sign In
Join for FREE
Feedback
Dark Mode
Quiz Categories
Sports
Geography
Music
Movies
Television
Just For Fun
Miscellaneous
History
Literature
Language
Science
Gaming
Entertainment
Religion
Holiday
For Kids
Quiz Lab
Recent
Popular Today
Quiz Kudos Today
Editor Picks
Curator Picks
Quizzes by...
Day
Popularity
Type
Ratings
Length
Year
Community
Subscriptions
Recent Discussions
Orange Saloon
Badges
Playlists
Quests
Create
Leaderboards
Showdown
Live 5
Trivia Bingo
Activity
Puzzle Library
Sporcle Events
Private Events
Virtual Trivia
Globe League
Become a Host
Pub Owners
SporcleCon
Opinionation
Our Games
Videos
Blog
Mobile Apps
Partnerships
Remove Ads and Go Orange
Feedback
Sports
Athletes
MLB
NBA
NHL
NFL
Soccer
Sports Teams
WWE
NCAA
Football
Premier League
Basketball
Baseball
Hockey
Golf
Tennis
Cricket
Rugby
Auto Racing
Olympics
World Cup
Sports
Athletes
MLB
NBA
NHL
NFL
Soccer
Sports Teams
WWE
NCAA
Football
Premier League
Basketball
Baseball
Hockey
Golf
Tennis
Cricket
Rugby
Auto Racing
Olympics
World Cup
Random Quiz
Search Sporcle
×
Quiz Lab
Quiz Lab
Sports
MVP Awards
Type in answers that appear in a list
Type in answers that appear in a list
Classic
Best Score? Go Orange.
Last 10 Yankee Award Winners Stats
Can you name the Yankees Award Winners in the 2000s?
By
yankeetarheel58
9m
73 Questions
594 Plays
594 Plays
594 Plays
Comments
Comments
Give Quiz Kudos
Give Quiz Kudos
-
- Ratings
hide this ad
Replay
Link that replays current quiz
Next Quiz
Link to next quiz in quiz playlist
You Got
0%
They Got
Avg Score
82%
Avg Friend Score
Upgrade to see
Score Distribution
Jump to the score distribution portion of the page
Score
0/73
Timer
09:00
0
Plays Today
Award
Player
% Correct
Rookie of the Year
Derek Jeter
99.3%
World Series MVP
Derek Jeter
99.3%
All-
Star Game MVP
Derek Jeter
99.3%
Gold Glove
Derek Jeter
99.3%
Gold Glove
Derek Jeter
99.3%
Gold Glove
Derek Jeter
99.3%
Gold Glove
Derek Jeter
99.3%
Silver Slugger
Derek Jeter
99.3%
Silver Slugger
Derek Jeter
99.3%
Silver Slugger
Derek Jeter
99.3%
Silver Slugger
Derek Jeter
99.3%
Hank Aaron Award
Derek Jeter
99.3%
Hank Aaron Award
Derek Jeter
99.3%
Roberto Clemente Award
Derek Jeter
99.3%
MVP
Alex Rodriguez
98.7%
Silver Slugger
Alex Rodriguez
98.7%
Silver Slugger
Alex Rodriguez
98.7%
Silver Slugger
Alex Rodriguez
98.7%
Hank Aaron Award
Alex Rodriguez
98.7%
Rolaids Relief Award
Mariano Rivera
97.3%
Rolaids Relief Award
Mariano Rivera
97.3%
Rolaids Relief Award
Mariano Rivera
97.3%
Rolaids Relief Award
Mariano Rivera
97.3%
Rolaids Relief Award
Mariano Rivera
97.3%
World Series MVP
Mariano Rivera
97.3%
MVP
Mickey Mantle
96.5%
MVP
Mickey Mantle
96.5%
MVP
Mickey Mantle
96.5%
Cy Young
Roger Clemens
96.1%
Manager of the Year
Joe Torre
96%
Manager of the Year
Joe Torre
96%
MVP
Roger Maris
93.6%
MVP
Roger Maris
93.6%
Gold Glove
Mark Teixeira
93.6%
Silver Slugger
Mark Teixeira
93.6%
World Series MVP
Hideki Matsui
91.6%
Silver Slugger
Jorge Posada
91.6%
Award
Player
% Correct
MVP
Don Mattingly
90.1%
Silver Slugger
Robinson Cano
90.1%
World Series MVP
Reggie Jackson
89.9%
Gold Glove
Bernie Williams
89.7%
Gold Glove
Bernie Williams
89.7%
Cy Young
Whitey Ford
88.7%
World Series MVP
Whitey Ford
88.7%
Gold Glove
Mike Mussina
84.3%
Gold Glove
Mike Mussina
84.3%
Gold Glove
Mike Mussina
84.3%
MVP
Thurman Munson
82.5%
Rookie of the Year
Thurman Munson
82.5%
Cy Young
Ron Guidry
81.3%
Roberto Clemente Award
Ron Guidry
81.3%
World Series MVP
Scott Brosius
80.8%
Gold Glove
Scott Brosius
80.8%
Manager of the Year
Buck Showalter
79.6%
Rolaids Relief Award
John Wetteland
78.6%
World Series MVP
John Wetteland
78.6%
Rolaids Relief Award
Goose Gossage
78.1%
MVP
Alex Rodriguez
77.9%
Silver Slugger
Gary Sheffield
67.3%
MVP
Elston Howard
66.7%
Cy Young
Sparky Lyle
60.6%
Rookie of the Year
Dave Righetti
58.8%
Rolaids Relief Award
Dave Righetti
58.8%
Rolaids Relief Award
Dave Righetti
58.8%
World Series MVP
Bucky Dent
55.6%
World Series MVP
Bobby Richardson
47.5%
Cy Young
Bob Turley
38.6%
Rookie of the Year
Tony Kubek
37.9%
Rookie of the Year
Tom Tresh
37.4%
World Series MVP
Ralph Terry
29.1%
Rookie of the Year
Gil McDougald
25.8%
Rookie of the Year
Stan Bahnsen
18.2%
Rookie of the Year
Bob Grim
14.1%
Quiz Playlist
Details
Report
Send in Message
Add To Playlist
Classic:
Type in answers that appear in a list
Quiz Source
Last Updated: Feb 16, 2017
Quiz Scoreboard
CHALLENGE
Sign Up to Join the Scoreboard
Show All
Scores
Hide
Comments
May contain spoilers
Recently Published
Street Fighter Characters
by Artimus82
Gaming
60s
9x9 Crossword: Cartoon Network
by jackfrog10
Miscellaneous
3m
College Basketball Coaching Resumes
by pancakes188
Sports
9m
More to Explore
Quiz From the Vault
Featured Blog Post
Where Did the Easter Bunny Come From?
hide this ad
You Might Also Like...
Tags
Awards Winners
Cy Young
MVP
MVP Awards
MVP Winners
New York Yankees
Today's Top Quizzes in Sports
Browse Sports
hide this ad
Today's Top Quizzes in MVP Awards
Browse MVP Awards
Top Contributed Quizzes in Sports
1
2022 World Cup Stars
2
Les meilleurs buteurs des matchs entre le PSG et l’OM
3
FIFA Club World Cup Champions
4
Les entraîneurs de l'OM et du PSG au 21e siècle
5
Criteria MLB: Left Handed Sluggers
6
2023 MLB Unique Player Accomplishments
7
AFC Teams Reveal (Wrong Answers Minefield)
8
5-to-1: FBS Animal Nicknames
9
Players with Multiple 50 Home Run Seasons
10
5-to-1: UK Sports Teams
Explore More
Trending Topics
Kpop
Marvel
Anime
Disney
Crossword
NBA
Harry Potter
WWE
NFL
The Office
Puzzle
Country
Song
Pokémon
Soccer
hide this ad
More By:
yankeetarheel58
Quiz
Plays
Rating
Category
Featured
Created
Boston Red Sox All-Stars in the 2000s
6,344
4.22
Sports
Jul 14, 2010
All-Stars under George Steinbrenner
1,065
4.23
Sports
Jul 13, 2010
Baltimore Orioles All-Stars since 1990
791
4.80
Sports
Jul 14, 2010
Family Guy Grab Bag
768
2.50
Television
Jul 20, 2011
Eli Manning Touchdown Receivers
676
5.00
Sports
Dec 3, 2011
Go to Creator's Profile
Score Distribution
Quiz Creator Spotlight
yankeetarheel58
Follow
Send a Message
Quizzes Created
-
Created Quiz Play Count
-
More By This Creator
Popular Quizzes Today
1
Find the US States - No Outlines Minefield
2
Find the Countries of Europe - No Outlines Minefield
3
The Countries of the World
4
Find the US States
5
Risky Map Clicking: Biggest States A-Z
6
US States
7
Popular People in 1961
8
Movies - When Are They Set?
More Sports Quizzes
World U21 champions in FIM Speedway Grand Prix
Quiz Lab
Trending Quizzes
Risky Map Clicking: Least Populous States A-Z
Countries of the World: 200 Million BC
1-10 Letter G Words
Risky Map Clicking: Next State Alphabetically
Adjectives in 80s TV Shows
Recently Updated
Leaping Animals
pecheneg
Reality TV Shows (A-Z)
bhenderson79
Rickey Henderson's Hall of Fame Teammates
pecheneg
Champions League XIs: Arsenal
pecheneg
Quick Pick: Celebrities in WWE's Hall of Fame
aduchscher
A-Z Keypad Blitz II
pecheneg
Multiple Oscar Actors
pecheneg
Mystery Phrase Blitz: Oscar 'Best Actors'
pecheneg
F. Scott Fitzgerald Novels
LTH
Pick 3 Villains
ddd62291
Trending Topics
Kpop
Harry Potter
Anime
Crossword
Marvel
Disney
NBA
Puzzle
The Office
Song
Pokémon
NFL
Soccer
Country
WWE
Your Account Isn't Verified!
In order to create a playlist on Sporcle, you need to verify the email address you used during registration. Go to your
Sporcle Settings
to finish the process.
Report this User
Report this user for behavior that violates our
Community Guidelines
.
Details:
Send Report
Go to the Sporcle.com Mobile Site →
Comments